| 000 | 00491nam a2200193Ia 4500 | ||
|---|---|---|---|
| 005 | 20250711124735.0 | ||
| 008 | 008 250516s9999 xx 000 0 eng d | ||
| 020 | _a9780128227848 | ||
| 040 |
_beng _cSDCL |
||
| 041 |
_aeng _2eng |
||
| 084 | _aL:423 R3 | ||
| 100 | _aRybicki, Edward P. | ||
| 245 | 0 | _aCann's principles of molecular virology | |
| 250 | _a7th ed. | ||
| 260 |
_aLondon : _bElsevier, _c2023. |
||
| 300 | _avii, 389p. | ||
| 650 | _aBiochemistry | ||
| 942 |
_cTEXL _2CC |
||
| 999 |
_c1429664 _d1429664 |
||